000 00321nam a22001217a 4500
008 241130b |||||||| |||| 00| 0 eng d
041 _aEng
245 _aEducationWorld: The Human Development Magazine
260 _aBangalore
_bEducationworld
_c2024
300 _a174;. P.
856 _uwww.educationworld.in
942 _cSR
999 _c43153
_d43153